| 000 | 00661nam a2200217Ia 4500 | ||
|---|---|---|---|
| 008 | |||
| 020 | _a0905435257 | ||
| 090 | _aQA76.73.B3HOL | ||
| 100 | 1 | _aHolmes, B. J. | |
| 245 | 1 | 0 |
_aBasic programming : _ban instructional manual / _cB. J. Holmes. |
| 260 |
_aWinchester, Hants. [Eng.] : _bD. P. Publications, _c1982. |
||
| 300 |
_avii, 528 p. : _bill. ; _c22 cm. |
||
| 500 | _aIncludes index and appendices. | ||
| 650 | 0 | _aBASIC (Computer program language) | |
| 907 |
_a.b10204040 _b31-05-06 _c29-05-06 |
||
| 003 | |||
| 005 | 20230123134217.0 | ||
| 040 | _cNUST | ||
| 049 | _aMAIN | ||
| 942 |
_cBOOKS _kQA76.73.B3HOL |
||
| 999 |
_c161957 _d161957 |
||